[Event "Championnat de Ligue Individuel"]
[Site "Vendin les Bethune"]
[Date "2010.??.??"]
[Round "3.10"]
[White "Delassus, Sebastien"]
[Black "Duflou, Andre"]
[Result "1-0"]
[WhiteElo "1720"]
[BlackElo "1590"]
[PlyCount "113"]
[EventDate "2008.??.??"]
[EventType "swiss"]
[EventRounds "7"]
[EventCountry "FRA"]
[WhiteTeamCountry "FRA"]
[BlackTeamCountry "FRA"]

1. d4 Nf6 2. c4 c5 3. d5 b5 4. b3 d6 5. Qc2 g6 6. Nd2 Bg7 7. Bb2 O-O 8. e4 bxc4
9. bxc4 Nbd7 10. Ngf3 Rb8 11. Rb1 Qa5 12. Bc3 Rxb1+ 13. Nxb1 Qb6 14. Bd3 Ng4
15. Bxg7 Kxg7 16. Qc3+ f6 17. O-O Qb4 18. Qb3 Ba6 19. Nbd2 Rb8 20. Rb1 Nge5 21.
Be2 Nxf3+ 22. Nxf3 Rb6 23. h3 Qa5 24. Qc2 Rxb1+ 25. Qxb1 Qb4 26. Qxb4 cxb4 27.
Nd4 Kf7 28. Nc6 Nb6 29. Nxb4 Bxc4 30. Bxc4 Nxc4 31. Nc6 a5 32. f3 Ke8 33. Kf2
a4 34. Ke2 Kd7 35. Nd4 h5 36. Ne6 Ke8 37. Kd3 Nb2+ 38. Kc3 Nd1+ 39. Kd2 Nb2 40.
Nf4 Kf7 41. Kc3 Nd1+ 42. Kb4 h4 43. Kxa4 Ne3 44. Kb5 g5 45. Ne2 Nxg2 46. a4 Ne1
47. Ng1 Nd3 48. a5 Nc5 49. Kc6 Ke8 50. Kc7 Na6+ 51. Kc8 Nc5 52. Ne2 Kf8 53. Nd4
Kf7 54. Ne6 Na6 55. Kb7 Nb4 56. Nd8+ Kg6 57. Nc6 1-0

[Event "Championnat de Ligue Individuel"]
[Site "Vendin les Bethune"]
[Date "2010.??.??"]
[Round "1.4"]
[White "Delassus, Sebastien"]
[Black "Dufour, Mickael"]
[Result "0-1"]
[WhiteElo "1720"]
[BlackElo "2099"]
[PlyCount "94"]
[EventDate "2008.??.??"]
[EventType "swiss"]
[EventRounds "7"]
[EventCountry "FRA"]
[WhiteTeamCountry "FRA"]
[BlackTeamCountry "FRA"]

1. d4 Nf6 2. c4 c5 3. d5 b5 4. b3 bxc4 5. bxc4 d6 6. Qc2 g6 7. Nd2 Bg7 8. Bb2
O-O 9. e4 a5 10. Bd3 Nbd7 11. Ngf3 Rb8 12. Rb1 Qc7 13. O-O Ba6 14. Bc3 Ng4 15.
Bxg7 Kxg7 16. Qc3+ Kg8 17. Nb3 Nde5 18. Nxe5 Nxe5 19. Be2 Rb4 20. Nd2 Rfb8 21.
f4 Nd7 22. Rb3 a4 23. Rbb1 Nf6 24. Bd3 Rxb1 25. Rxb1 Rxb1+ 26. Nxb1 Qb6 27. a3
Qb3 28. Qxb3 axb3 29. Nd2 b2 30. Kf1 Nd7 31. Ke2 Nb6 32. Kd1 Bxc4 33. Kc2 Bxd3+
34. Kxd3 f5 35. Nb1 fxe4+ 36. Kxe4 Kf7 37. g3 e6 38. dxe6+ Kxe6 39. Kd3 d5 40.
Kc3 Nc4 41. Kd3 Kf5 42. h3 h5 43. a4 h4 44. Ke2 hxg3 45. Kf3 d4 46. Kxg3 Na5
47. Kf3 c4 0-1

[Event "Championnat de Ligue Individuel"]
[Site "Vendin les Bethune"]
[Date "2010.??.??"]
[Round "7.8"]
[White "Delboe, Charles"]
[Black "Bougel, Claude"]
[Result "1-0"]
[WhiteElo "1833"]
[BlackElo "1821"]
[PlyCount "41"]
[EventDate "2008.??.??"]
[EventType "swiss"]
[EventRounds "7"]
[EventCountry "FRA"]
[WhiteTeamCountry "FRA"]
[BlackTeamCountry "FRA"]

1. e4 c5 2. Na3 Nc6 3. Bb5 a6 4. Bxc6 bxc6 5. c3 d6 6. d3 Nf6 7. h3 e5 8. f4
exf4 9. Bxf4 Be7 10. Qf3 O-O 11. Ne2 Be6 12. Nc2 Qb6 13. b3 a5 14. c4 Nd7 15.
O-O f5 16. Ne3 fxe4 17. Qxe4 Rf6 18. Bxd6 Kf7 19. Bxe7 Kxe7 20. Nf4 Nf8 21.
Nfd5+ 1-0

[Event "Championnat de Ligue Individuel"]
[Site "Vendin les Bethune"]
[Date "2010.??.??"]
[Round "4.5"]
[White "Delboe, Charles"]
[Black "Franek, Jan"]
[Result "0-1"]
[WhiteElo "1833"]
[BlackElo "1917"]
[PlyCount "96"]
[EventDate "2008.??.??"]
[EventType "swiss"]
[EventRounds "7"]
[EventCountry "FRA"]
[WhiteTeamCountry "FRA"]
[BlackTeamCountry "FRA"]

1. e4 d5 2. exd5 Nf6 3. Bb5+ Bd7 4. Bc4 Bg4 5. f3 Bf5 6. Nc3 Nbd7 7. d4 Nb6 8.
Bd3 Bxd3 9. Qxd3 Qd7 10. Ne4 Nfxd5 11. Nc5 Qc8 12. Bd2 Nd7 13. O-O-O a5 14. Qb5
b6 15. Qc6 bxc5 16. Qxd5 c6 17. Qc4 cxd4 18. Nh3 c5 19. Ng5 e6 20. Rhe1 Qa6 21.
Qd5 O-O-O 22. Qb3 a4 23. Qd3 Qxd3 24. cxd3 Re8 25. Nxf7 Rg8 26. Ng5 e5 27. Nxh7
Rh8 28. Nxf8 Rexf8 29. h3 Kc7 30. Re4 Kd6 31. Rde1 Kd5 32. f4 c4 33. dxc4+ Kxc4
34. fxe5 Nc5 35. b3+ axb3 36. axb3+ Nxb3+ 37. Kc2 Nc5 38. Rg4 Rf2 39. Re3 Ra8
40. Rc3+ Kd5 41. Rf3 Ra2+ 42. Kb1 Rfxd2 43. Rxg7 Rab2+ 44. Kc1 Rdc2+ 45. Kd1 d3
46. Rd7+ Ke4 47. Rf4+ Kxf4 48. g3+ Ke3 0-1

[Event "Championnat de Ligue Individuel"]
[Site "Vendin les Bethune"]
[Date "2010.??.??"]
[Round "3.8"]
[White "Delboe, Charles"]
[Black "Groux, Lionel"]
[Result "1-0"]
[WhiteElo "1833"]
[BlackElo "1619"]
[PlyCount "141"]
[EventDate "2008.??.??"]
[EventType "swiss"]
[EventRounds "7"]
[EventCountry "FRA"]
[WhiteTeamCountry "FRA"]
[BlackTeamCountry "FRA"]

1. e4 e6 2. d4 d5 3. Nc3 dxe4 4. Nxe4 Nd7 5. Nf3 Ngf6 6. Bd3 Be7 7. c3 b6 8.
Nxf6+ Nxf6 9. Ne5 Qd5 10. Qa4+ Bd7 11. Nxd7 Nxd7 12. f3 O-O 13. Be4 b5 14. Bxd5
bxa4 15. Bxa8 Rxa8 16. Bf4 c6 17. b3 Nb6 18. c4 Bb4+ 19. Bd2 Be7 20. Kf2 Bf6
21. Be3 Rb8 22. Rab1 a3 23. Rhd1 Kf8 24. Rbc1 a5 25. d5 cxd5 26. Bxb6 Rxb6 27.
cxd5 Bb2 28. Rc6 Rb4 29. Rc8+ Ke7 30. d6+ Kd7 31. Rc7+ Kd8 32. d7 Bd4+ 33. Rxd4
Rxd4 34. Rc2 Kxd7 35. Ke2 h6 36. Rc5 Rd5 37. Rc4 Rb5 38. Ra4 Rh5 39. h3 Rg5 40.
g4 h5 41. Rxa3 hxg4 42. hxg4 Re5+ 43. Kd3 Kc6 44. Ra4 Kb5 45. Rc4 Rd5+ 46. Kc3
Rd1 47. a4+ Kb6 48. Rf4 f6 49. b4 Rd5 50. b5 e5 51. Rc4 Rc5 52. Rxc5 Kxc5 53.
Kd3 g6 54. Ke4 Kd6 55. Kd3 f5 56. Kc4 fxg4 57. fxg4 g5 58. Kc3 Kc5 59. Kd3 Kd6
60. Ke4 Ke6 61. b6 Kd7 62. Kxe5 Kc6 63. b7 Kxb7 64. Kd5 Kb6 65. Kd6 Kb7 66. Kc5
Ka7 67. Kb5 Kb7 68. Kxa5 Kc6 69. Kb4 Kb6 70. Kc4 Ka5 71. Kd5 1-0

[Event "LUCOPEN 01st Op"]
[Site "Lille"]
[Date "2010.??.??"]
[Round "4.64"]
[White "Delboe, Charles"]
[Black "Malaret, Simeon"]
[Result "1-0"]
[WhiteElo "1937"]
[BlackElo "1360"]
[PlyCount "51"]
[EventDate "2010.04.??"]
[EventType "swiss"]
[EventRounds "7"]
[EventCountry "FRA"]
[WhiteTeamCountry "FRA"]
[BlackTeamCountry "FRA"]

1. e4 d6 2. d4 Nf6 3. Nc3 g6 4. Bc4 Bg7 5. f3 O-O 6. Be3 Nc6 7. Qd2 Re8 8.
O-O-O e5 9. d5 Nb8 10. Bh6 Bh8 11. h4 Nbd7 12. g4 Nb6 13. Bb3 Bd7 14. h5 Re7
15. Nge2 Qc8 16. Rdg1 Rb8 17. Ng3 Na8 18. Nf5 Bxf5 19. gxf5 Ne8 20. hxg6 fxg6
21. fxg6 a6 22. Qg5 b5 23. Qxe7 Bg7 24. Qf7+ Kh8 25. Bxg7+ Nxg7 26. Rxh7# 1-0

[Event "Open International d'Ambès 2010"]
[Site "Ambes"]
[Date "2010.??.??"]
[Round "2.7"]
[White "Delgrange, Jean Loup"]
[Black "Zubarev, Alexander"]
[Result "0-1"]
[WhiteElo "1876"]
[BlackElo "2536"]
[PlyCount "20"]
[EventDate "2010.04.??"]
[EventType "swiss"]
[EventRounds "9"]
[EventCountry "FRA"]
[WhiteTeamCountry "FRA"]
[BlackTeamCountry "FRA"]

1. Nf3 c5 2. c3 Nf6 3. g3 d5 4. d4 Nc6 5. Bg2 e6 6. O-O h6 7. Nbd2 cxd4 8. Nxd4
Bc5 9. N4f3 O-O 10. e3 Bxe3 0-1

[Event "Open International d'Ambès 2010"]
[Site "Ambes"]
[Date "2010.??.??"]
[Round "7.23"]
[White "Deschamps, Christophe"]
[Black "Quideau, Patrice"]
[Result "0-1"]
[WhiteElo "1380"]
[BlackElo "1780"]
[PlyCount "74"]
[EventDate "2010.04.??"]
[EventType "swiss"]
[EventRounds "9"]
[EventCountry "FRA"]
[WhiteTeamCountry "FRA"]
[BlackTeamCountry "FRA"]

1. c4 Nf6 2. Nc3 e6 3. g3 d5 4. cxd5 exd5 5. d4 c6 6. Nf3 Bd6 7. e3 O-O 8. Bd3
Re8 9. O-O Bg4 10. Re1 Ne4 11. Bd2 Nxd2 12. Qxd2 Bxf3 13. Rac1 Nd7 14. a3 Nf6
15. Be2 Bxe2 16. Rxe2 Ne4 17. Qd3 Re6 18. f3 Ng5 19. Rf1 Rg6 20. f4 Nh3+ 21.
Kh1 Qd7 22. Rg2 f5 23. b4 a6 24. Ne2 Re8 25. Ng1 Nxg1 26. Rgxg1 Re4 27. Rf3 Qe8
28. Qd2 Ree6 29. Re1 Bc7 30. Kg2 Bb6 31. Kf2 Bxd4 32. h3 Bb6 33. g4 fxg4 34.
hxg4 Kh8 35. f5 Rh6 36. Rg1 Rh2+ 37. Rg2 Rxg2+ 0-1

[Event "2eme Open Tarn Nord"]
[Site "Blaye les Mines"]
[Date "2010.??.??"]
[Round "7.4"]
[White "Devals, Nicolas"]
[Black "Caron, Jean Marie"]
[Result "1/2-1/2"]
[WhiteElo "1840"]
[BlackElo "1938"]
[PlyCount "56"]
[EventDate "2006.??.??"]
[EventType "swiss"]
[EventRounds "7"]
[EventCountry "FRA"]
[WhiteTeamCountry "FRA"]
[BlackTeamCountry "FRA"]

1. e4 e6 2. d4 d5 3. exd5 exd5 4. Bd3 c5 5. dxc5 Bxc5 6. Nf3 Ne7 7. O-O Bg4 8.
Bg5 f6 9. Bf4 Nbc6 10. c3 Qd7 11. Nbd2 O-O-O 12. b4 Bb6 13. a4 Ne5 14. Bxe5
fxe5 15. Nxe5 Bxd1 16. Nxd7 Rxd7 17. Raxd1 a5 18. Nf3 g6 19. Ne5 Rc7 20. Nf7
Rf8 21. Nd6+ Kd7 22. Nb5 Rc6 23. bxa5 Bxa5 24. c4 Rc5 25. Bb1 Rxc4 26. Ba2 Rxa4
27. Bxd5 Nxd5 28. Rxd5+ Kc6 1/2-1/2

[Event "2eme Open Tarn Nord"]
[Site "Blaye les Mines"]
[Date "2010.??.??"]
[Round "6.6"]
[White "Devals, Nicolas"]
[Black "Fabre, Philippe"]
[Result "1-0"]
[WhiteElo "1840"]
[BlackElo "1720"]
[PlyCount "51"]
[EventDate "2006.??.??"]
[EventType "swiss"]
[EventRounds "7"]
[EventCountry "FRA"]
[WhiteTeamCountry "FRA"]
[BlackTeamCountry "FRA"]

1. e4 d6 2. d4 Nf6 3. Nc3 g6 4. Nf3 Bg7 5. Bg5 c6 6. Qd2 b5 7. Bd3 h6 8. Bh4
Nbd7 9. O-O g5 10. Bg3 Nh5 11. d5 Nxg3 12. fxg3 Qb6+ 13. Kh1 Ba6 14. dxc6 Qxc6
15. Rab1 Nc5 16. Nd5 Qd7 17. Nb4 Bb7 18. Qe2 Nxd3 19. Nxd3 O-O 20. e5 Qe6 21.
Rbe1 Bxf3 22. Rxf3 Qc4 23. b3 Qc7 24. exd6 exd6 25. Ref1 Rac8 26. Nb4 1-0

[Event "2eme Open Tarn Nord"]
[Site "Blaye les Mines"]
[Date "2010.??.??"]
[Round "2.7"]
[White "Devals, Nicolas"]
[Black "Gipouloux, Laurent"]
[Result "0-1"]
[WhiteElo "1840"]
[BlackElo "1760"]
[PlyCount "65"]
[EventDate "2006.??.??"]
[EventType "swiss"]
[EventRounds "7"]
[EventCountry "FRA"]
[WhiteTeamCountry "FRA"]
[BlackTeamCountry "FRA"]

1. e4 e5 2. Nf3 Nc6 3. d4 exd4 4. Bc4 Nf6 5. e5 d5 6. exf6 dxc4 7. O-O Qxf6 8.
Re1+ Be6 9. Bg5 Qg6 10. Qd2 h6 11. Bh4 Bc5 12. Bg3 O-O-O 13. Ne5 Nxe5 14. Rxe5
c3 15. bxc3 dxc3 16. Qc1 Bd4 17. Re1 Qf6 18. a4 Bc5 19. Na3 Rd2 20. Rf1 a6 21.
Nb1 Re2 22. Na3 Rd8 23. Bf4 Qf5 24. Be3 Bxe3 25. fxe3 Qe4 26. Rf3 Rdd2 27. Qf1
Rxe3 28. Rxe3 Qxe3+ 29. Kh1 Bd5 30. Qf5+ Kb8 31. Qg4 Rxg2 32. Qxg2 Bxg2+ 33.
Kxg2 0-1

[Event "2eme Open Tarn Nord"]
[Site "Blaye les Mines"]
[Date "2010.??.??"]
[Round "4.3"]
[White "Devecchi, Jorge"]
[Black "Arlabosse, Nicolas"]
[Result "0-1"]
[WhiteElo "1750"]
[BlackElo "1884"]
[PlyCount "30"]
[EventDate "2006.??.??"]
[EventType "swiss"]
[EventRounds "7"]
[EventCountry "FRA"]
[WhiteTeamCountry "FRA"]
[BlackTeamCountry "FRA"]

1. f4 d5 2. Nf3 c5 3. e3 Nc6 4. b3 Nf6 5. Bb2 g6 6. Be2 Bg7 7. O-O Bf5 8. Bb5
O-O 9. Bxc6 bxc6 10. d3 Qb6 11. Ne5 c4 12. Qe2 Ng4 13. Nxg4 Bxg4 14. Qxg4 Bxb2
15. Nd2 Bxa1 0-1

[Event "2eme Open Tarn Nord"]
[Site "Blaye les Mines"]
[Date "2010.??.??"]
[Round "7.5"]
[White "Devecchi, Jorge"]
[Black "Schegerin, Andre"]
[Result "1-0"]
[WhiteElo "1750"]
[BlackElo "1880"]
[PlyCount "58"]
[EventDate "2006.??.??"]
[EventType "swiss"]
[EventRounds "7"]
[EventCountry "FRA"]
[WhiteTeamCountry "FRA"]
[BlackTeamCountry "FRA"]

1. e4 e5 2. Nf3 Nc6 3. d4 exd4 4. Bc4 Bc5 5. O-O Nf6 6. e5 d5 7. exf6 dxc4 8.
fxg7 Rg8 9. Bh6 Be6 10. Ng5 Qf6 11. Qh5 Bf5 12. Re1+ Be7 13. Nd2 Ne5 14. Rxe5
O-O-O 15. Rae1 Bd6 16. Nxf7 Bxe5 17. Rxe5 Bg6 18. Qg4+ Rd7 19. Nxc4 Bxf7 20.
Bg5 Qc6 21. Na5 Qxc2 22. h3 Qg6 23. Re7 Be8 24. Qf3 Rxe7 25. Qxb7+ Kd7 26. Qb5+
Ke6 27. Qe2+ Kf5 28. Bxe7 Qxg7 29. g4+ Kg6 1-0

[Event "FRA T U 20"]
[Site "Mulhouse"]
[Date "2010.??.??"]
[Round "2.5"]
[White "Devoille, Hugo"]
[Black "Banat, Rizlene"]
[Result "1/2-1/2"]
[WhiteElo "1691"]
[BlackElo "1570"]
[PlyCount "155"]
[EventDate "2010.??.??"]
[EventType "match"]
[EventCountry "FRA"]
[WhiteTeamCountry "FRA"]
[BlackTeamCountry "FRA"]

1. e4 c5 2. Nf3 e6 3. d4 cxd4 4. Nxd4 Nf6 5. Bd3 a6 6. Nc3 Qc7 7. O-O b5 8. Kh1
Bb7 9. f3 d6 10. Nce2 Nbd7 11. Be3 Ne5 12. b3 Nxd3 13. cxd3 Rc8 14. Rc1 Qb8 15.
Qd2 Be7 16. Rxc8+ Qxc8 17. Rc1 Qd7 18. Qa5 Bd8 19. Qc3 O-O 20. Nc6 h6 21. Nxd8
Rxd8 22. Bxh6 Rc8 23. Qb2 Kh7 24. Be3 Rxc1+ 25. Qxc1 Qc6 26. Kg1 Qxc1+ 27. Bxc1
d5 28. Kf2 Kg8 29. Ba3 Nd7 30. Ke3 f6 31. Nd4 Kf7 32. g4 g6 33. h4 e5 34. Ne2
d4+ 35. Kf2 Kg7 36. Ng3 Ba8 37. Ne2 Bb7 38. Ng3 Ba8 39. Ke2 Bc6 40. Kd2 a5 41.
Bd6 a4 42. Kc2 Kf7 43. Kb2 Ke6 44. Bc7 Nc5 45. Kc2 Nd7 46. Ba5 Kf7 47. Bb4 Nb8
48. bxa4 bxa4 49. Kb2 Na6 50. Ba3 Bb5 51. Kc2 Bc6 52. Kd2 Nb8 53. Bd6 Nd7 54.
Ke2 Kg7 55. Be7 Kf7 56. Bd6 Kg7 57. Nf1 Kf7 58. Nh2 Kg7 59. g5 fxg5 60. hxg5
Kf7 61. Bc7 Ke6 62. Ng4 Bb5 63. Kd2 Bc6 64. Bd8 Bb5 65. Kc2 Nc5 66. Nf2 Ba6 67.
Bb6 Nd7 68. Bd8 Nc5 69. Bf6 Nd7 70. Bd8 Nc5 71. Bc7 Bb5 72. Ba5 Ba6 73. Bb4 Nd7
74. Ba3 Bb5 75. Nh3 Ba6 76. Bb4 Bb5 77. Ba5 Nc5 78. Nf2 1/2-1/2

[Event "LUCOPEN 01st Op"]
[Site "Lille"]
[Date "2010.??.??"]
[Round "4.2"]
[White "Doncea, Vladimir"]
[Black "Abbasov, Farid"]
[Result "1/2-1/2"]
[WhiteElo "2475"]
[BlackElo "2549"]
[PlyCount "31"]
[EventDate "2010.04.??"]
[EventType "swiss"]
[EventRounds "7"]
[EventCountry "FRA"]
[WhiteTeamCountry "FRA"]
[BlackTeamCountry "FRA"]

1. Nf3 g6 2. g3 Bg7 3. Bg2 c5 4. c4 Nc6 5. Nc3 Nh6 6. d4 cxd4 7. Nxd4 O-O 8.
Nxc6 dxc6 9. Bg5 f6 10. Bd2 Be6 11. b3 Qd4 12. Bxh6 Qxd1+ 13. Rxd1 Bxh6 14. Na4
Rad8 15. Nc5 Bc8 16. e3 1/2-1/2

[Event "Open International d'Ambès 2010"]
[Site "Ambes"]
[Date "2010.??.??"]
[Round "2.17"]
[White "Dubertrand, Bernard"]
[Black "Scheid, Gilles"]
[Result "0-1"]
[WhiteElo "1647"]
[BlackElo "1760"]
[PlyCount "36"]
[EventDate "2010.04.??"]
[EventType "swiss"]
[EventRounds "9"]
[EventCountry "FRA"]
[WhiteTeamCountry "FRA"]
[BlackTeamCountry "FRA"]

1. e4 e5 2. Nf3 d6 3. Bc4 Be7 4. O-O Nf6 5. d3 O-O 6. c3 c6 7. Be3 Bg4 8. Nbd2
d5 9. Bb3 Nbd7 10. h3 Bh5 11. g4 Bg6 12. Bc2 h5 13. g5 Nh7 14. h4 f6 15. d4
fxg5 16. dxe5 g4 17. e6 gxf3 18. exd7 Qxd7 0-1

[Event "Championnat de Ligue Individuel"]
[Site "Vendin les Bethune"]
[Date "2010.??.??"]
[Round "2.4"]
[White "Dufour, Mickael"]
[Black "Delboe, Charles"]
[Result "1-0"]
[WhiteElo "2099"]
[BlackElo "1833"]
[PlyCount "119"]
[EventDate "2008.??.??"]
[EventType "swiss"]
[EventRounds "7"]
[EventCountry "FRA"]
[WhiteTeamCountry "FRA"]
[BlackTeamCountry "FRA"]

1. e4 c5 2. Nc3 a6 3. Nf3 Nc6 4. d4 cxd4 5. Nxd4 e5 6. Nb3 Nf6 7. Bg5 Bb4 8.
Be2 h6 9. Bxf6 Bxc3+ 10. bxc3 Qxf6 11. O-O O-O 12. Qd3 d6 13. a4 Qe7 14. Rfd1
Rd8 15. a5 Be6 16. c4 Rac8 17. Nd2 Qc7 18. Qa3 Nd4 19. Bd3 Qc5 20. Rdb1 Qxa3
21. Rxa3 Rc7 22. Rb6 Kf8 23. c3 Nc6 24. Nf1 Nb8 25. Ne3 Nd7 26. Rb1 Nc5 27. Bc2
Rdc8 28. f3 Ke7 29. Ra2 g6 30. g3 Nd7 31. Bd3 Nc5 32. Bf1 g5 33. h4 gxh4 34.
gxh4 Rg8+ 35. Kh2 f6 36. Rd1 Rd7 37. Bh3 Bxh3 38. Kxh3 Ke6 39. Rad2 h5 40. Nf5
Rgd8 41. Rg2 Nb3 42. Rd5 Kf7 43. Rb2 Nc5 44. Rb6 Na4 45. Rbxd6 Rxd6 46. Nxd6+
Ke7 47. Nf5+ Ke8 48. Ng7+ Ke7 49. Rxd8 Kxd8 50. Nxh5 Nxc3 51. Nxf6 Na4 52. Ng4
b6 53. Nxe5 Nc5 54. axb6 Nb7 55. Nd3 a5 56. c5 Kd7 57. h5 a4 58. h6 Nd8 59. h7
Nf7 60. Ne5+ 1-0

[Event "Championnat de Ligue Individuel"]
[Site "Vendin les Bethune"]
[Date "2010.??.??"]
[Round "4.2"]
[White "Dufour, Mickael"]
[Black "Soyez, Cyril"]
[Result "0-1"]
[WhiteElo "2099"]
[BlackElo "2244"]
[PlyCount "128"]
[EventDate "2008.??.??"]
[EventType "swiss"]
[EventRounds "7"]
[EventCountry "FRA"]
[WhiteTeamCountry "FRA"]
[BlackTeamCountry "FRA"]

1. e4 c5 2. Nf3 d6 3. d4 Nf6 4. Nc3 cxd4 5. Nxd4 g6 6. Bg5 Bg7 7. Qd2 Nc6 8.
Nb3 a5 9. Bb5 O-O 10. O-O a4 11. Bxf6 Bxf6 12. Nxa4 Be6 13. Nc3 Na5 14. Nd4 Bc4
15. Rfd1 Qb6 16. a4 Rfc8 17. b4 Nc6 18. Nxc6 bxc6 19. Bxc4 Qxb4 20. Nd5 Qxc4
21. Nb6 Qxe4 22. Rab1 Rcb8 23. Rb4 Qe6 24. Nxa8 Rxa8 25. Rdb1 Kg7 26. Qe3 c5
27. Qxe6 fxe6 28. Rc4 Bd4 29. Rd1 e5 30. c3 d5 31. cxd4 dxc4 32. dxc5 Rxa4 33.
Kf1 Ra3 34. Rd7 Kf6 35. Rc7 Ra2 36. Rb7 c3 37. Rb1 Ke6 38. Rc1 Ra3 39. Ke2 Kd5
40. Kd3 e4+ 41. Ke3 Kxc5 42. Kxe4 Kc4 43. h4 Kb3 44. Kd3 Kb4 45. Re1 Ra2 46.
Rxe7 Rd2+ 47. Ke3 Rd6 48. Rb7+ Ka3 49. Rc7 Kb2 50. g4 c2 51. Rb7+ Kc1 52. Ke2
Re6+ 53. Kf1 h5 54. gxh5 gxh5 55. Rb5 Rc6 56. Ke2 Rc4 57. f4 Rxf4 58. Rxh5 Rc4
59. Rb5 Rxh4 60. Rb8 Rh5 61. Rg8 Re5+ 62. Kd3 Rc5 63. Rb8 Kd1 64. Rh8 Rc3+ 0-1

[Event "FRA T U 20"]
[Site "Mulhouse"]
[Date "2010.??.??"]
[Round "3.4"]
[White "Dumas, Charles"]
[Black "Eid, Amine"]
[Result "1-0"]
[WhiteElo "1783"]
[BlackElo "1866"]
[PlyCount "41"]
[EventDate "2010.??.??"]
[EventType "match"]
[EventCountry "FRA"]
[WhiteTeamCountry "FRA"]
[BlackTeamCountry "FRA"]

1. e4 c5 2. c3 g6 3. d4 cxd4 4. cxd4 d5 5. Nc3 dxe4 6. Bc4 Nf6 7. Qb3 e6 8. d5
exd5 9. Nxd5 Bg7 10. Bg5 O-O 11. Ne2 Nbd7 12. O-O h6 13. Bh4 g5 14. Bg3 Nxd5
15. Bxd5 Nc5 16. Qc4 Qe7 17. Nc3 Bf5 18. Rad1 a6 19. Bd6 Qf6 20. Bxc5 b5 21.
Qe2 1-0

[Event "Championnat de Ligue Individuel"]
[Site "Vendin les Bethune"]
[Date "2010.??.??"]
[Round "2.11"]
[White "Dupont, Clement"]
[Black "Delassus, Sebastien"]
[Result "1/2-1/2"]
[WhiteElo "1440"]
[BlackElo "1720"]
[PlyCount "81"]
[EventDate "2008.??.??"]
[EventType "swiss"]
[EventRounds "7"]
[EventCountry "FRA"]
[WhiteTeamCountry "FRA"]
[BlackTeamCountry "FRA"]

1. e4 c5 2. Nf3 Nc6 3. d4 cxd4 4. Nxd4 g6 5. Be3 Bg7 6. Qd2 Qa5 7. Qxa5 Nxa5 8.
Nc3 e6 9. Ncb5 Ke7 10. O-O-O Be5 11. f4 Bb8 12. e5 a6 13. Nc3 d6 14. exd6+ Bxd6
15. a4 Nf6 16. Be2 Bd7 17. b3 Rac8 18. Rd3 Rc7 19. Nb1 Rhc8 20. Bd2 Nc6 21.
Nxc6+ Rxc6 22. c4 Nd5 23. g3 Nb4 24. Bxb4 Bxb4 25. Rhd1 Rd6 26. Rxd6 Bxd6 27.
Bf3 Rc7 28. Kb2 b5 29. axb5 axb5 30. Nd2 Bb4 31. Be2 bxc4 32. Bxc4 e5 33. Ne4
exf4 34. Rf1 Bf5 35. Ng5 fxg3 36. hxg3 f6 37. Nxh7 Rc8 38. g4 Bxg4 39. Rxf6 Bf5
40. Rf7+ Kd6 41. Rb7 1/2-1/2

[Event "Championnat de Ligue Individuel"]
[Site "Vendin les Bethune"]
[Date "2010.??.??"]
[Round "5.11"]
[White "Dupont, Clement"]
[Black "Griffon, Olivier"]
[Result "0-1"]
[WhiteElo "1440"]
[BlackElo "1970"]
[PlyCount "74"]
[EventDate "2008.??.??"]
[EventType "swiss"]
[EventRounds "7"]
[EventCountry "FRA"]
[WhiteTeamCountry "FRA"]
[BlackTeamCountry "FRA"]

1. e4 c5 2. Nf3 Nc6 3. d4 cxd4 4. Nxd4 Nf6 5. Nc3 d6 6. Bg5 e6 7. Qd2 a6 8. f4
h6 9. Bxf6 Qxf6 10. Nxc6 bxc6 11. O-O-O Qd8 12. Be2 Be7 13. Bf3 O-O 14. Kb1 Rb8
15. g4 Qb6 16. b3 d5 17. Na4 Qb5 18. Nb2 a5 19. Be2 Qb6 20. Na4 Qa7 21. exd5
cxd5 22. h4 Bd7 23. Nb2 a4 24. g5 axb3 25. cxb3 Bb4 26. Qd4 Bc5 27. Qd2 Be3 28.
Qd3 Bxf4 29. gxh6 Bxh6 30. Rdg1 Bb5 31. Qf3 Bxe2 32. Qxe2 Rb4 33. Qh5 Ra8 34.
a4 Qe3 35. Rg2 Qe4+ 36. Ka2 Qxg2 37. Rc1 Bxc1 0-1

[Event "Championnat de Ligue Individuel"]
[Site "Vendin les Bethune"]
[Date "2010.??.??"]
[Round "1.10"]
[White "Dupont, Daniel Noel"]
[Black "Mestdagh, Franck"]
[Result "0-1"]
[WhiteElo "1540"]
[BlackElo "1936"]
[PlyCount "50"]
[EventDate "2008.??.??"]
[EventType "swiss"]
[EventRounds "7"]
[EventCountry "FRA"]
[WhiteTeamCountry "FRA"]
[BlackTeamCountry "FRA"]

1. d4 Nf6 2. c4 b6 3. Nf3 Bb7 4. e3 e6 5. Bd3 c5 6. O-O Be7 7. dxc5 Bxc5 8. Nc3
d5 9. cxd5 exd5 10. Nd4 O-O 11. a3 Nbd7 12. f4 Re8 13. Qf3 Ne4 14. b4 Bxd4 15.
exd4 Nxc3 16. Bxh7+ Kxh7 17. Qxc3 Nf6 18. Qf3 Ne4 19. f5 Qf6 20. Qd3 Rac8 21.
Bb2 Rc4 22. Rf3 Rec8 23. Qd1 Qg5 24. h4 Qd2 25. Qb3 Rc2 0-1

[Event "Championnat de Ligue Individuel"]
[Site "Vendin les Bethune"]
[Date "2010.??.??"]
[Round "6.11"]
[White "Dupont, Daniel Noel"]
[Black "Rohart, Quentin"]
[Result "1-0"]
[WhiteElo "1540"]
[BlackElo "1620"]
[PlyCount "65"]
[EventDate "2008.??.??"]
[EventType "swiss"]
[EventRounds "7"]
[EventCountry "FRA"]
[WhiteTeamCountry "FRA"]
[BlackTeamCountry "FRA"]

1. d4 Nf6 2. Nf3 g6 3. c4 Bg7 4. Nc3 d6 5. e4 O-O 6. Be2 a6 7. O-O Re8 8. Be3
b6 9. Qc2 c5 10. dxc5 bxc5 11. Rad1 Qc7 12. Nd5 Nxd5 13. cxd5 a5 14. a3 Ba6 15.
Rd2 Bxe2 16. Rxe2 Rc8 17. Rfe1 Nd7 18. Bd2 c4 19. Bc3 Bxc3 20. Qxc3 Nb6 21. Ng5
h6 22. Nf3 Qd7 23. Qe3 Na4 24. Qxh6 Rab8 25. Ng5 e5 26. dxe6 fxe6 27. Qxg6+ Kf8
28. Nh7+ Ke7 29. Qg5+ Kf7 30. Qf6+ Kg8 31. Ng5 e5 32. Re3 Qg7 33. Qe6+ 1-0

[Event "Condom op 10th"]
[Site "Condom"]
[Date "2010.??.??"]
[Round "9.20"]
[White "Dupouy, Francois"]
[Black "Le Gallen, Luc"]
[Result "1-0"]
[WhiteElo "1822"]
[BlackElo "2012"]
[PlyCount "41"]
[EventDate "2010.07.??"]
[EventType "swiss"]
[EventRounds "9"]
[EventCountry "FRA"]
[WhiteTeamCountry "FRA"]
[BlackTeamCountry "FRA"]

1. e4 e6 2. d4 d5 3. e5 c5 4. c3 Nc6 5. Nf3 Bd7 6. a3 f6 7. Bd3 Qc7 8. Bf4 f5
9. b4 c4 10. Bc2 Nge7 11. O-O h6 12. h4 O-O-O 13. a4 Be8 14. Na3 Kb8 15. Nb5
Qd7 16. Nd6 g6 17. a5 Nc8 18. b5 N6e7 19. a6 Nxd6 20. exd6 Nc8 21. Ne5 1-0

[Event "FRA T U 20"]
[Site "Mulhouse"]
[Date "2010.??.??"]
[Round "3.2"]
[White "Eden, James"]
[Black "Ane, Cedric"]
[Result "0-1"]
[WhiteElo "1996"]
[BlackElo "2058"]
[PlyCount "82"]
[EventDate "2010.??.??"]
[EventType "match"]
[EventCountry "FRA"]
[WhiteTeamCountry "FRA"]
[BlackTeamCountry "FRA"]

1. e4 c5 2. c3 d5 3. exd5 Qxd5 4. d4 Nf6 5. Nf3 Nc6 6. Be3 Ng4 7. Be2 e6 8. O-O
Be7 9. Qb3 Qxb3 10. axb3 cxd4 11. Nxd4 Nxe3 12. fxe3 Bc5 13. b4 Bb6 14. Nd2 Ne5
15. c4 Bxd4 16. exd4 Nc6 17. d5 Nxb4 18. d6 Bd7 19. Bf3 Bc6 20. Bxc6+ Nxc6 21.
c5 Ne5 22. Ra3 Kd7 23. Re3 f6 24. Rxe5 fxe5 25. Rf7+ Kc6 26. Rc7+ Kd5 27. d7
Rhf8 28. Nb1 e4 29. Nc3+ Kd4 30. Nb5+ Kd5 31. Nc3+ Kd4 32. Ne2+ Kd5 33. b4 a5
34. bxa5 Rxa5 35. Nf4+ Ke5 36. g3 g5 37. Ne2 e3 38. Rc8 Ra8 39. Rc7 Rf2 40. Kh1
Ra1+ 41. Ng1 e2 0-1